000 00308nam a22001337a 4500
008 170131b xxu||||| |||| 00| 0 eng d
020 _a9780071346726
041 _aeng
080 _a61
100 _a3
101 _aSHM
245 _aCONNECTING WITH THE NEW HEALTHCARE CONSUMER
_cNASH, D.B
942 _2udc
_cBK
999 _c4101
_d4101